| 000 | 00676nam a2200193 u 4500 | ||
|---|---|---|---|
| 005 | 20230318063637.0 | ||
| 008 | 090928s2005 r 000 0 eng d | ||
| 020 | _a9586704637 | ||
| 035 | _aUPN01000172670 | ||
| 049 | _aCG | ||
| 050 | 4 |
_aP118.2 _bD5.2 |
|
| 245 | 0 | 3 |
_aLa didáctica de la lengua extranjera : _bestado de la discusión en Colombia / _cIrina Kostina ... [et al.]. |
| 260 |
_aSantiago de Cali, Col. : _bUniversidad del Valle, _c2005. |
||
| 300 |
_a140 p. : _bcuadros, tablas |
||
| 650 | 4 |
_aADQUISICION DE SEGUNDO LENGUAJE - _xMETODOLOGIA _9216 |
|
| 650 | 4 |
_aLenguaje y lenguas _xEstudio y enseñanza _96150 |
|
| 700 | 1 |
_aKostina, Irina, _ecoaut. |
|
| 905 | _aLibro | ||
| 999 |
_c144774 _d144774 |
||